书目信息 |
| 题名: |
蜜月
|
|
| 作者: | 帕特森 著 ;钟毅 译 | |
| 分册: | ||
| 出版信息: | 沈阳 辽宁教育出版社 2005.02 |
|
| 页数: | 268页 | |
| 开本: | 21cm | |
| 丛书名: | ||
| 单 册: | ||
| 中图分类: | I712.45 | |
| 科图分类: | ||
| 主题词: | 长篇小说--美国--现代 | |
| 电子资源: | ||
| ISBN: | 7-5382-7186-4 | |
| 000 | 00679nam0 2200229 450 | |
| 001 | 1039483750 | |
| 005 | 20100712110122.51 | |
| 010 | @a7-5382-7186-4@dCNY24.00 | |
| 100 | @a20100515d2005 km y0chiy0120 ea | |
| 101 | 1 | @achi@ceng |
| 102 | @aCN@b210000 | |
| 105 | @ay z 000ay | |
| 200 | 1 | @a蜜月@Ami yue@f(美) 詹姆斯·帕特森著@F(mei)zhan mu si·pa te sen zhu@g钟毅译@Gzhong yi yi |
| 210 | @a沈阳@c辽宁教育出版社@d2005.02 | |
| 215 | @a268页@d21cm | |
| 330 | @a这是一本悬念丛生的推理小说。 | |
| 606 | 0 | @a长篇小说@y美国@z现代 |
| 690 | @aI712.45@v4 | |
| 701 | 1 | @a帕特森@Apa te sen@4著 |
| 702 | 0 | @a钟毅@Azhong yi@4译 |
| 801 | 0 | @aCN@c20100515 |
| 905 | @dI712.45@eP040-2@f3 | |
| 蜜月/(美) 詹姆斯·帕特森著/钟毅译.-沈阳:辽宁教育出版社,2005.02 |
| 268页;21cm |
| ISBN 7-5382-7186-4:CNY24.00 |
| 这是一本悬念丛生的推理小说。 |
| ● |
| 相关链接 |
|
|
|
正题名:蜜月
索取号:I712.45/P040-2
 
预约/预借
| 序号 | 登录号 | 条形码 | 馆藏地/架位号 | 状态 | 备注 |
| 1 | 990972 | 209909722 | 社科二线400B/400B社科库 5排1列2层/ [索取号:I712.45/P040-2] | 在馆 | |
| 2 | 990973 | 209909731 | 文学库116/116文学库 28排5列3层/ [索取号:I712.45/P040-2] | 在馆 | |
| 3 | 990974 | 209909740 | 文学库116/116文学库 28排5列3层/ [索取号:I712.45/P040-2] | 在馆 |